| 000 | 00405pab a2200169 454500 | ||
|---|---|---|---|
| 008 | 180718b1988 xxu||||| |||| 00| 0 eng d | ||
| 100 | _aPettigrew, Andrew | ||
| 245 | _aUnderstanding change in the NHS | ||
| 260 | _c1988 | ||
| 300 | _a297-317 | ||
| 362 | _aAutumn | ||
| 650 | _aHealth Services | ||
| 700 | _aEwan Ferlie | ||
| 700 | _aLorna Mckee | ||
| 773 | _aPublic Administration | ||
| 909 | _a10077 | ||
| 999 |
_c10077 _d10077 |
||